000 00566nam a2200217Ia 4500
003 OSt
005 20220918192552.0
006 a|||||r|||| 00| 0
007 ta
008 220917b |||||||| |||| 00| 0 eng d
024 _a69,066
037 _cTextual
040 _aARTS
_cARTS
_beng
041 _2eng
_aeng
082 _aR3:R1, J0
100 _aCornforth Maurice
_922032
245 0 _aIn defence of philosophy against positivism and pragnatism
260 _c1950
942 _hR3:R1, J0
_cTEXL
_2CC
999 _c195229
_d195229